| 000 | 00376nam a2200157Ia 4500 | ||
|---|---|---|---|
| 003 | OSt | ||
| 005 | 20240123121514.0 | ||
| 008 | 170524s9999 xx 000 0 und d | ||
| 020 | _a978-8183189156 | ||
| 040 | _cIIMT UNIVERSITY | ||
| 100 | _aAswathappa-k | ||
| 100 | _c2009 | ||
| 245 | 0 | _aESSENTIALS OF BUSINESS ENVIRONMENT | |
| 260 | _aHimalaya Pub. House | ||
| 942 |
_2ddc _c02 |
||
| 999 |
_c2354 _d2354 |
||